书目信息 |
| 题名: |
维特根斯坦
|
|
| 作者: | 张学广 编著 | |
| 分册: | ||
| 出版信息: | 沈阳 辽海出版社 1999.4 |
|
| 页数: | 304页 | |
| 开本: | 20cm | |
| 丛书名: | 现代十大思想家自述丛书 | |
| 单 册: | ||
| 中图分类: | B521 | |
| 科图分类: | ||
| 主题词: | 维特根斯坦--评传 | |
| 电子资源: | ||
| ISBN: | 7-80638-967-9 | |
| 000 | 00847oam2 2200253 45 | |
| 001 | 0199062033 | |
| 005 | 20061220090547.92 | |
| 010 | @a7-80638-967-9@dCNY38.00 | |
| 100 | @a20060529d1999 em y0chiy0121 ea | |
| 101 | 0 | @achi |
| 102 | @aCN@b210000 | |
| 105 | @ay z 000yd | |
| 200 | 1 | @a维特根斯坦@AWei Te Gen Si Tan@e走出语言囚笼@EZou Chu Yu Yan Qiu Long@f张学广编著@FZhang Xue Guang Bian Zhu |
| 210 | @a沈阳@c辽海出版社@d1999.4@h2006重印 | |
| 215 | @a304页@d20cm | |
| 225 | 2 | @a现代十大思想家自述丛书@f高清海,李家巍主编 |
| 410 | 0 | @12001 @a现代十大思想家自述丛书 |
| 510 | 1 | @aLudwig Wyttgenstein@eThe cage of language@zeng |
| 517 | 1 | @a走出语言囚笼@AZou Chu Yu Yan Qiu Long |
| 606 | @a维特根斯坦@y评传 | |
| 690 | @aB521@v4 | |
| 701 | 0 | @a张学广@AZhang Xue Guang@4编著 |
| 801 | 0 | @aCN@b中图数据@c20061220 |
| 905 | @a10447@dB521@e16 | |
| 维特根斯坦:走出语言囚笼/张学广编著.-沈阳:辽海出版社,1999.4(2006重印) |
| 304页;20cm.-(现代十大思想家自述丛书/高清海,李家巍主编) |
| ISBN 7-80638-967-9:CNY38.00 |
| ● |
| 相关链接 |
|
|
|
|
正题名:维特根斯坦
索取号:B521/16
 
预约/预借
| 序号 | 登录号 | 条形码 | 馆藏地/架位号 | 状态 | 备注 |
| 1 | 0620020 | 206200207 | 第一样本阅览室/ [索取号:B521/16] | 在馆 | |
| 2 | 0620021 | 206200216 | 第一借阅区/ [索取号:B521/16] | 在馆 | |
| 3 | 0620022 | 206200225 | 第一借阅区/ [索取号:B521/16] | 在馆 | |
| 4 | 0620023 | 206200234 | 第一借阅区/ [索取号:B521/16] | 在馆 | |
| 5 | 0620024 | 206200243 | 第一借阅区/ [索取号:B521/16] | 在馆 | |
| 6 | 0620025 | 206200252 | 第一借阅区/ [索取号:B521/16] | 在馆 |